All songs by Lamb of God - Statistics

General Stats
  • This quiz has been taken 41 times
  • The average score is 21 of 100
Answer Stats
Album Answer % Correct
Sacrament Redneck
90%
Sacrament Walk With Me in Hell
85%
Ashes of the Wake Ashes of the Wake
80%
As the Palaces Burn As the Palaces Burn
80%
Ashes of the Wake Hourglass
75%
Ashes of the Wake Laid to Rest
75%
Ashes of the Wake Omerta
75%
VII: Sturm und Drang 512
70%
New American Gospel Black Label
65%
As the Palaces Burn Ruin
65%
Ashes of the Wake Now You’ve Got Something to Die For
55%
As the Palaces Burn 11th Hour
50%
Sacrament Blacken the Cursed Sun
50%
Ashes of the Wake The Faded Line
50%
Ashes of the Wake Blood of the Scribe
45%
Resolution Ghost Walking
40%
Lamb of God Memento Mori
40%
Ashes of the Wake One Gun
40%
Sacrament Again We Rise
35%
Ashes of the Wake Break You
35%
Sacrament Descending
35%
Resolution King Me
35%
Sacrament Pathetic
35%
Sacrament Beating on Death’s Door
30%
Wrath Grace
30%
Wrath Set to Fail
30%
As the Palaces Burn Vigil
30%
As the Palaces Burn Blood Junkie
25%
As the Palaces Burn Boot Scraper
25%
VII: Sturm und Drang Embers
25%
Sacrament Foot to the Throat
25%
New American Gospel Pariah
25%
Sacrament Requiem
25%
New American Gospel The Black Dahlia
25%
Wrath Contractor
20%
Wrath Dead Seeds
20%
As the Palaces Burn For Your Malice
20%
Ashes of the Wake Remorse is for the Dead
20%
As the Palaces Burn A Devil in God’s Country
15%
Wrath Broken Hands
15%
Lamb of God Checkmate
15%
Wrath Choke Sermon
15%
Burn the Priest Chronic Auditory Hallucination
15%
VII: Sturm und Drang Erase This
15%
VII: Sturm und Drang Footprints
15%
Sacrament Forgotten (Lost Angels)
15%
VII: Sturm und Drang Overlord
15%
Wrath Reclamation
15%
Lamb of God Resurrection Man
15%
VII: Sturm und Drang Still Echoes
15%
New American Gospel Terror and Hubris in the House of Frank Pollard
15%
Resolution The Number Six
15%
Ashes of the Wake What I’ve Become
15%
Burn the Priest Bloodletting
10%
Resolution Cheated
10%
New American Gospel Confessional
10%
Resolution Desolation
10%
Burn the Priest Dimera
10%
Burn the Priest Duane
10%
Wrath Fake Messiah
10%
As the Palaces Burn In Defense of Our Good Name
10%
Wrath In Your Words
10%
Burn the Priest Lies of Autumn
10%
Sacrament More Time to Kill
10%
New American Gospel O.D.H.G.A.B.F.E.
10%
As the Palaces Burn Purified
10%
Burn the Priest Resurrection #9
10%
Resolution The Undertow
10%
VII: Sturm und Drang Anthropoid
5%
New American Gospel A Warning
5%
Burn the Priest Departure Hymn
5%
Burn the Priest Goatfish
5%
New American Gospel In the Absence of the Sacred
5%
Burn the Priest Lame
5%
New American Gospel Letter to the Unborn
5%
Lamb of God New Colossal Hate
5%
Lamb of God Poison Dream
5%
Lamb of God Reality Bath
5%
Lamb of God Routes
5%
Resolution Straight for the Sun
5%
Burn the Priest Suffering Bastard
5%
Resolution Terminally Unique
5%
Wrath The Passing
5%
New American Gospel The Subtle Arts of Murder and Persuasion
5%
Resolution To the End
5%
Resolution Barbarosa
0%
Lamb of God Bloodshot Eyes
0%
Burn the Priest Buckeye
0%
VII: Sturm und Drang Delusion Pandemic
0%
VII: Sturm und Drang Engage the Fear Machine
0%
Wrath Everything is Nothing
0%
Lamb of God Gears
0%
Resolution Guilty
0%
Resolution Insurrection
0%
Resolution Invictus
0%
Lamb of God On the Hook
0%
Burn the Priest Preaching to the Converted
0%
Burn the Priest Salivation
0%
VII: Sturm und Drang Torches
0%
Resolution Visitation
0%
No matching quizzes found
Score Distribution
Percent of People with Each Score
Percentile by Number Answered
Your Score History
You have not taken this quiz